Ανακύκλωση - περιβαλλοντική αξία : διδακτορική διατριβή
Αποθηκεύτηκε σε:
| Κύριος συγγραφέας: | |
|---|---|
| Συγγραφή απο Οργανισμό/Αρχή: | |
| Μορφή: | Thesis Βιβλίο |
| Γλώσσα: | Greek |
| Δημοσίευση: |
2009
|
| Θέματα: | |
| Ετικέτες: |
Προσθήκη ετικέτας
Δεν υπάρχουν, Καταχωρήστε ετικέτα πρώτοι!
|
MARC
| LEADER | 00000cam a2200000 i 4500 | ||
|---|---|---|---|
| 001 | 1/14972 | ||
| 008 | 110912s2009 gre d | ||
| 035 | |l 10110788 | ||
| 040 | |a GR-MY-UA |b gre |e aacr | ||
| 041 | 0 | |a gre | |
| 082 | 0 | |a 363.7282 |2 (22) | |
| 100 | 1 | |a Μαλτέζου, Σπυριδούλα. | |
| 245 | 1 | 0 | |a Ανακύκλωση - περιβαλλοντική αξία : |b διδακτορική διατριβή / |c Σπυριδούλα Μαλτέζου |
| 260 | |c 2009 | ||
| 300 | |a 246 σ., παράρτημα; |c 30 εκ.+ |e πιν. | ||
| 502 | # | # | |a Διατριβή (διδακτορική) – Πανεπιστήμιο Αιγαίου, Λέσβος, 2009. |
| 504 | |a Βιβλιογραφία: σ. 209-212 | ||
| 650 | 0 | 0 | |a Recycling (Waste, etc.) |x Environmental aspects. |
| 650 | 0 | 0 | |a Tires |x Recycling. |
| 650 | 0 | 0 | |a Dissertations, Academic |z Greece. |
| 710 | 2 | |a Πανεπιστήμιο Αιγαίου |b Σχολή Περιβάλλοντος |b Τμήμα Περιβάλλοντος |b Θεοφράστειο Πρόγραμμα Μεταπτυχιακών Σπουδών Περιβαλλοντική και Οικολογική Μηχανική. | |
| 852 | |a INST |b LESVOS |c DIATR |e 20110912 |h 347 |p 005100051657 |q 005100051657 |t PHD |y 23 | ||
| 852 | |a INST |b LESVOS |c DIATR |e 20110912 |h 348 |p 005100051656 |q 005100051656 |t PHD |y 23 | ||
| 901 | |a BIBL1-2011-3 | ||
| 909 | |a Λ |b 171502 | ||
| 909 | |a Λ |b 171501 | ||
| 924 | |a ΜΑΛΤΕΖΟΥ |b ΣΠΥΡΙΔΟΥΛΑ |y ΛΕΣΒΟΣ |z 2009-01 | ||
| 970 | |a ΤΖΑΦΕΡΗ |b ΕΥΑΓΓΕΛΙΑ |z 2011/09/12 | ||